000 00583nam a2200193Ia 4500
005 20260114185624.0
008 008 260114s9999 xx 000 0 eng d
020 _a9781474283113
037 _aEBOOK
040 _aCRL
_beng
_cCRL
041 _aeng
_2eng
084 _qCRL
100 _aBrian J. McVeigh
_9872340
245 4 _aThe History of Japanese Psychology Global Perspectives, 1875-1950
260 _bBloomsbury
_c2016
856 _uhttps://doi.org/10.5040/9781474283113?locatt=label:secondary_bloomsburyCollections
942 _cEBOOK
999 _c1471288
_d1471288